| 000 | 00519nam a22001697a 4500 | ||
|---|---|---|---|
| 003 | NUST | ||
| 038 | _aNusrat Nadeem | ||
| 082 | _a200 | ||
| 100 |
_aImran, Faisal _950804 |
||
| 245 |
_aVehicle Re-Identification using Shifted Window Transformer / _cFaisal Imran |
||
| 264 |
_aIslamabad : _bSEECS, NUST, _c2022. |
||
| 300 | _a48 p. ; | ||
| 650 |
_aMS-Computer Science _926780 |
||
| 700 |
_aSupervisor: Dr. Muhammad Shahzad _996716 |
||
| 856 | _uhttp://10.250.8.41:8080/xmlui/handle/123456789/29991 | ||
| 942 |
_2ddc _cSC |
||
| 999 |
_c591041 _d591041 |
||